01016nam a22001937a 4500003000900000008004100009040007100050082005100121110005500172245006800227260005900295300002900354440007400383505025200457650002100709650002400730650001300754710005500767AR-CdUCM190425b ||||| |||| 00| 0 spa d aMUNICIPALIDAD PROVINCIAL DEL CUSCOcBIBLIOTECA MUNICIPAL DEL CUSCO aRev.Univ/N°33,34/1920bRev.Univ/N°33,34/1920 aUniversidad Nacional de San Antonio Abad del Cusco aRevista Universitaria :bÓrgano de la Universidad del Cuzco / aCusco :bEl Trabajo,csetiembre 1920.cdiciembre 1920. a149 páginas. :c20 cm. aRevista UniversitarianAño IX, setiembre, diciembre 1920, N°33, 34 aContenido: El presidente Wilson i la Universidad del Cuzco. -- La recepción de la Universidad. -- Apreciaciones de la prensa i relación de las fiestas. -- La capital de los incas. -- La aeronavegación en el Perú. -- La universidad de Yale. aAeronavegación aUniversidad de Yale aSiglo XX aUniversidad Nacional de San Antonio Abad del Cusco